000 00646nam a2200193 a 4500
001 000023798
005 20200930022457.0
008 110113s1969 mx a r 000 0 spa d
040 _aDO-SdBNP
_bspa
_cBNPHU
082 _axxx
_bW884a
100 1 _aWoodbury, David O.
_948989
240 1 0 _aFresh water from salty seas /
_lespañol
245 1 0 _aAgua dulce de los salados mares /
_cDavid O. Woodbury; traducción de Armardo Arrangoiz.
260 _aMexico, :
_bDiana,
_c1969.
300 _a135 p. :
_ail. ;
_c23 cm.
500 _aIncluye datos biografícos del autor.
590 _aInventariado, 2019/ YL
700 1 _aArrangoiz, Armardo
_etr.
_948990
999 _c23294
_d23294